[Event "Pardubice rapid op 34th"]
[Site "Pardubice"]
[Date "2023.07.20"]
[Round "6"]
[White "Lihotsky, Lukas"]
[Black "Djubek, Boris"]
[Result "1-0"]
[WhiteElo "2139"]
[BlackElo "1939"]
[PlyCount "117"]
[EventDate "2023.07.19"]
[EventType "swiss (rapid)"]
[EventRounds "9"]
[EventCountry "CZE"]
[SourceTitle "CBM 215 Extra"]
[Source "ChessBase"]
[SourceDate "2023.09.30"]
[SourceVersion "1"]
[SourceVersionDate "2023.09.30"]
[SourceQuality "1"]

1. d4 d5 2. c4 c6 3. Nc3 Nf6 4. Nf3 e6 5. cxd5 exd5 6. Qc2 Bd6 7. Bg5 Nbd7 8. e3 h6 9. Bh4 0-0 10. Bd3 Re8 11. 0-0 Nf8 12. Rab1 a5 13. a3 Bg4 14. Nd2 Bh5 15. Bg3 Bxg3 16. hxg3 Bg6 17. b4 axb4 18. axb4 Bxd3 19. Qxd3 Ne6 20. Ne2 Ra2 21. Ra1 Qa8 22. Nb3 Ne4 23. Nc3 Nxc3 24. Qxc3 Ra6 25. Rxa6 Qxa6 26. Ra1 Qe2 27. Re1 Qg4 28. Ra1 Qe2 29. Qd2 Qb5 30. Nc5 Nxc5 31. bxc5 Rb8 32. Qc2 g6 33. Rb1 Qa6 34. Qb2 Kg7 35. Qb3 Qe2 36. Qc3 Qg4 37. Qa5 Qd7 38. Ra1 Qd8 39. Qa7 Qc8 40. Kf1 Kf8 41. f3 Qe8 42. Kf2 Kg7 43. Qb6 Qd8 44. Rb1 Qc8 45. e4 dxe4 46. fxe4 Qd8 47. Qxd8 Rxd8 48. Ke3 Rd7 49. Rd1 h5 50. Kd3 Kf8 51. Kc4 Ke7 52. d5 cxd5+ 53. exd5 Kf6 54. Rf1+ Ke7 55. d6+ Ke6 56. Re1+ Kf6 57. Kd5 Rd8 58. Re7 Rb8 59. Rc7 1-0

[Event "SVK-chT2A 2223"]
[Site "Slovakia"]
[Date "2023.02.12"]
[Round "9.7"]
[White "Djubek, Boris"]
[Black "Cechovic, Stefan"]
[Result "1/2-1/2"]
[WhiteElo "1995"]
[BlackElo "2092"]
[PlyCount "63"]
[EventDate "2022.10.08"]
[EventType "team-tourn"]
[EventRounds "11"]
[EventCountry "SVK"]
[SourceTitle "EXT 2024"]
[Source "ChessBase"]
[SourceDate "2023.10.10"]
[SourceVersion "1"]
[SourceVersionDate "2023.10.10"]
[SourceQuality "1"]
[WhiteTeam "Bratislava Slovan IV"]
[BlackTeam "Cifer"]
[WhiteTeamCountry "SVK"]
[BlackTeamCountry "SVK"]

1. d4 f5 2. g3 Nf6 3. Bg2 e6 4. c4 d5 5. Nf3 c6 6. b3 Bd6 7. 0-0 0-0 8. Bf4 Ne4 9. Bxd6 Qxd6 10. Ne5 Nd7 11. f3 Nxe5 12. fxe4 Ng4 13. e5 Qe7 14. Qd2 Bd7 15. Nc3 Kh8 16. h3 Nh6 17. c5 g5 18. b4 Qg7 19. Rab1 Rf7 20. b5 Raf8 21. bxc6 Bxc6 22. Nb5 Bxb5 23. Rxb5 g4 24. Qf4 gxh3 25. Bxh3 Ng4 26. Rbb1 Rg8 27. Rf3 h5 28. Bxg4 hxg4 29. Rf2 Kh7 30. Rh2+ Kg6 31. Kg2 Rh8 32. Rxh8 1/2-1/2

[Event "SVK-chT2A 2223"]
[Site "Slovakia"]
[Date "2022.10.09"]
[Round "2.5"]
[White "Kapolkova, Greta"]
[Black "Djubek, Boris"]
[Result "1/2-1/2"]
[WhiteElo "1723"]
[BlackElo "1995"]
[PlyCount "49"]
[EventDate "2022.10.08"]
[EventType "team-tourn"]
[EventRounds "11"]
[EventCountry "SVK"]
[SourceTitle "CBM 210 Extra"]
[Source "ChessBase"]
[SourceDate "2022.11.30"]
[SourceVersion "1"]
[SourceVersionDate "2022.11.30"]
[SourceQuality "1"]
[WhiteTeam "Modra II"]
[BlackTeam "Bratislava Slovan IV"]
[WhiteTeamCountry "SVK"]
[BlackTeamCountry "SVK"]

1. e4 e5 2. Nf3 Nc6 3. Nc3 Bc5 4. Nxe5 Bxf2+ 5. Kxf2 Nxe5 6. d4 Ng6 7. Be3 d6 8. Bc4 Nf6 9. h3 0-0 10. Rf1 Be6 11. Bd3 d5 12. e5 Nd7 13. Ne2 f6 14. exf6 Rxf6+ 15. Kg1 Rxf1+ 16. Qxf1 Qe7 17. Bxg6 hxg6 18. Nf4 Bf5 19. Qf2 c6 20. c3 Nf6 21. Re1 Ne4 22. Qf3 Ng5 23. Qg3 Ne4 24. Qf3 Ng5 25. Qg3 1/2-1/2

[Event "Bratislava Slovakia op"]
[Site "Bratislava"]
[Date "2022.10.01"]
[Round "5"]
[White "Djubek, Boris"]
[Black "Matejka, Simon"]
[Result "1-0"]
[WhiteElo "1995"]
[BlackElo "1738"]
[PlyCount "94"]
[EventDate "2022.09.30"]
[EventType "swiss (rapid)"]
[EventRounds "9"]
[EventCountry "SVK"]
[SourceTitle "CBM 210 Extra"]
[Source "ChessBase"]
[SourceDate "2022.11.30"]
[SourceVersion "1"]
[SourceVersionDate "2022.11.30"]
[SourceQuality "1"]

1. d4 d5 2. c4 e6 3. Nc3 Nf6 4. Nf3 Be7 5. Bf4 0-0 6. e3 c6 7. a3 Nbd7 8. cxd5 exd5 9. Bd3 b5 10. h3 a6 11. 0-0 c5 12. Ne5 Bb7 13. Bf5 Re8 14. Rc1 c4 15. g4 Nxe5 16. dxe5 Ne4 17. e6 fxe6 18. Bxe6+ Kh8 19. Bf5 Nxc3 20. Rxc3 Bf6 21. Bb1 Bxc3 22. bxc3 g5 23. Qc2 Qd7 24. Bxg5 Re4 25. f3 Re6 26. Qf5 Rc8 27. Bf6+ Kg8 28. Qg5+ Kf8 29. Bf5 Qd6 30. Qg7+ Ke8 31. Qg8+ Kd7 32. Qf7+ Kc6 33. Qxe6 Qxe6 34. Bxe6 Re8 35. Bf5 Rxe3 36. Bxh7 Kc7 37. Bd4 Re2 38. Rf2 Re1+ 39. Rf1 Re2 40. Bb1 a5 41. h4 Rd2 42. h5 b4 43. axb4 axb4 44. h6 bxc3 45. Bxc3 Re2 46. h7 Re8 47. h8Q Re2 1-0

[Event "Bratislava Slovakia op"]
[Site "Bratislava"]
[Date "2022.09.30"]
[Round "2"]
[White "Djubek, Boris"]
[Black "Nestorenko, Dmitry"]
[Result "1/2-1/2"]
[WhiteElo "1995"]
[BlackElo "2168"]
[PlyCount "92"]
[EventDate "2022.09.30"]
[EventType "swiss (rapid)"]
[EventRounds "9"]
[EventCountry "SVK"]
[SourceTitle "CBM 210 Extra"]
[Source "ChessBase"]
[SourceDate "2022.11.30"]
[SourceVersion "1"]
[SourceVersionDate "2022.11.30"]
[SourceQuality "1"]

1. d4 e6 2. Nf3 c5 3. e4 cxd4 4. Nxd4 Nf6 5. Nc3 Bb4 6. Bd3 Nc6 7. Nxc6 dxc6 8. e5 Nd5 9. Bd2 Qc7 10. Nxd5 Bxd2+ 11. Qxd2 cxd5 12. Qg5 g6 13. Qf6 Rg8 14. 0-0-0 Qe7 15. Qxe7+ Kxe7 16. h4 h6 17. f4 Bd7 18. g4 a6 19. a3 Rac8 20. Be2 Ba4 21. Rd2 Rc5 22. Rh3 f6 23. b3 Bb5 24. a4 Bxe2 25. Rxe2 fxe5 26. Rxe5 Rgc8 27. Re2 Rf8 28. h5 Rxf4 29. hxg6 Rxg4 30. Rxh6 Rc6 31. Rf2 Kd6 32. Rh7 Rxg6 33. Rxb7 Kc5 34. Kd2 e5 35. Re7 Kd4 36. Re2 e4 37. c4 Rce6 38. Rxe6 Rxe6 39. cxd5 Kxd5 40. Rh2 Kd4 41. Rh8 Rd6 42. Re8 Kc5+ 43. Kc2 Kd4 44. Kd2 Rh6 45. Rd8+ Kc5 46. Rc8+ Kd4 1/2-1/2

[Event "SVK-chT1W 2122"]
[Site "Slovakia"]
[Date "2022.04.23"]
[Round "8.5"]
[White "Djubek, Boris"]
[Black "Koval, Maros"]
[Result "1/2-1/2"]
[WhiteElo "2003"]
[BlackElo "2074"]
[PlyCount "82"]
[EventDate "2021.11.06"]
[EventType "team-tourn"]
[EventRounds "11"]
[EventCountry "SVK"]
[SourceTitle "EXT 2023"]
[Source "ChessBase"]
[SourceDate "2022.10.05"]
[SourceVersion "1"]
[SourceVersionDate "2022.10.05"]
[SourceQuality "1"]
[WhiteTeam "Bratislava Slovan III"]
[BlackTeam "Topolcany"]
[WhiteTeamCountry "SVK"]
[BlackTeamCountry "SVK"]

1. d4 d5 2. c4 c6 3. Nf3 Nf6 4. Nc3 e6 5. e3 Nbd7 6. Bd3 dxc4 7. Bxc4 b5 8. Bd3 Bb7 9. 0-0 a6 10. e4 c5 11. d5 e5 12. b3 Bd6 13. a4 b4 14. Nb1 a5 15. Nbd2 Nb6 16. Bb2 Qe7 17. Bb5+ Kf8 18. Qe2 g6 19. Nc4 Nxc4 20. Bxc4 Nh5 21. Bc1 h6 22. Be3 Qf6 23. Rac1 Nf4 24. Bxf4 Qxf4 25. Nd2 Kg7 26. Bb5 h5 27. Nc4 Bc7 28. Qe3 Qxe3 29. Nxe3 f6 30. Rxc5 Bb6 31. Rc2 Rhc8 32. Rfc1 Rxc2 33. Rxc2 Rc8 34. Rxc8 Bxc8 35. Nc4 Bc7 36. f3 Kf8 37. d6 Bd8 38. d7 Bb7 39. Nd6 Ba8 40. Kf1 Ke7 41. Nc8+ Ke6 1/2-1/2

[Event "SVK-chT1W 2122"]
[Site "Slovakia"]
[Date "2022.03.19"]
[Round "5.5"]
[White "Djubek, Boris"]
[Black "Chlpek, Daniel"]
[Result "0-1"]
[WhiteElo "2003"]
[BlackElo "2007"]
[PlyCount "94"]
[EventDate "2021.11.06"]
[EventType "team-tourn"]
[EventRounds "11"]
[EventCountry "SVK"]
[SourceTitle "EXT 2023"]
[Source "ChessBase"]
[SourceDate "2022.10.05"]
[SourceVersion "1"]
[SourceVersionDate "2022.10.05"]
[SourceQuality "1"]
[WhiteTeam "Bratislava Slovan III"]
[BlackTeam "Bratislava Slovan II"]
[WhiteTeamCountry "SVK"]
[BlackTeamCountry "SVK"]

1. d4 Nf6 2. Nf3 g6 3. c4 Bg7 4. Nc3 d5 5. g3 0-0 6. cxd5 Nxd5 7. Bg2 c5 8. e3 cxd4 9. exd4 Nc6 10. 0-0 Nxc3 11. bxc3 Be6 12. Re1 Bd5 13. Bf4 e6 14. Qd2 Na5 15. Ne5 Bxg2 16. Kxg2 Qd5+ 17. Kg1 Rac8 18. Rac1 Nc4 19. Nxc4 Rxc4 20. Bh6 Rd8 21. Bxg7 Kxg7 22. Qf4 Qd6 23. Qxd6 Rxd6 24. Rb1 b6 25. Rb3 Rd5 26. Ra3 Rd7 27. Kf1 Kf6 28. Re5 Rdc7 29. Re3 a5 30. Rb3 R7c6 31. Ke1 a4 32. Rb4 Rxb4 33. cxb4 Rc4 34. a3 Rxd4 35. Rc3 Rd5 36. Ke2 h5 37. Rc6 b5 38. h4 Ke5 39. Rc7 Kd4 40. Rxf7 Kc3 41. Rf3+ Kc2 42. Re3 Rd2+ 43. Ke1 Rd3 44. Rxe6 Rxa3 45. Re5 Rb3 46. Rxb5 a3 47. Ra5 Kb2 0-1

[Event "SVK-chT2A 2122"]
[Site "Slovakia"]
[Date "2022.03.06"]
[Round "6.2"]
[White "Djubek, Boris"]
[Black "Nicolini, Alexander"]
[Result "1/2-1/2"]
[WhiteElo "1978"]
[BlackElo "2158"]
[PlyCount "86"]
[EventDate "2021.10.16"]
[EventType "team-tourn"]
[EventRounds "11"]
[EventCountry "SVK"]
[SourceTitle "EXT 2023"]
[Source "ChessBase"]
[SourceDate "2022.10.05"]
[SourceVersion "1"]
[SourceVersionDate "2022.10.05"]
[SourceQuality "1"]
[WhiteTeam "Bratislava Slovan V"]
[BlackTeam "Pezinok"]
[WhiteTeamCountry "SVK"]
[BlackTeamCountry "SVK"]

1. d4 f5 2. c4 Nf6 3. g3 d6 4. Bg2 g6 5. Nc3 Bg7 6. Nf3 0-0 7. 0-0 Qe8 8. d5 Na6 9. Nd4 Bd7 10. Rb1 c6 11. dxc6 bxc6 12. b4 Rb8 13. b5 cxb5 14. cxb5 Nc5 15. Nc6 Bxc6 16. Bxc6 Qd8 17. Be3 Ng4 18. Bd4 Ne5 19. Bd5+ Kh8 20. f4 Ned7 21. Bxg7+ Kxg7 22. e4 Qa5 23. Qd4+ e5 24. Qe3 Qb6 25. Bc6 Nxe4 26. Qxb6 Nxb6 27. Nxe4 fxe4 28. fxe5 dxe5 29. Rxf8 Kxf8 30. Bxe4 Ke7 31. Rc1 Rc8 32. Bc6 Kd6 33. a4 a5 34. Kf2 Rc7 35. Ke1 Rf7 36. Rc3 g5 37. Be4 Nxa4 38. Rc6+ Kd7 39. Bd5 Rf8 40. Ra6 Rb8 41. Rxa5 Kd6 42. Be4 Nc3 43. Bxh7 Nxb5 1/2-1/2

[Event "SVK-chT1W 2122"]
[Site "Slovakia"]
[Date "2022.02.27"]
[Round "4.5"]
[White "Djubek, Boris"]
[Black "Banic, Marek"]
[Result "1-0"]
[WhiteElo "2003"]
[BlackElo "1944"]
[PlyCount "74"]
[EventDate "2021.11.06"]
[EventType "team-tourn"]
[EventRounds "11"]
[EventCountry "SVK"]
[SourceTitle "EXT 2023"]
[Source "ChessBase"]
[SourceDate "2022.10.05"]
[SourceVersion "1"]
[SourceVersionDate "2022.10.05"]
[SourceQuality "1"]
[WhiteTeam "Bratislava Slovan III"]
[BlackTeam "Povazska Bystrica"]
[WhiteTeamCountry "SVK"]
[BlackTeamCountry "SVK"]

1. d4 d5 2. c4 dxc4 3. Nf3 a6 4. a4 Nc6 5. e3 Bg4 6. Bxc4 e6 7. Nc3 Nf6 8. 0-0 Bd6 9. h3 Bh5 10. b3 0-0 11. Ba3 Nb4 12. Na2 a5 13. Nxb4 axb4 14. Bb2 Qe7 15. Be2 Rad8 16. Nd2 Bxe2 17. Qxe2 c6 18. Nc4 Bb8 19. a5 Ne4 20. Qf3 f5 21. g3 g5 22. Kg2 Nf6 23. a6 Nd5 24. Na5 Qc7 25. Nxb7 Rd7 26. Nc5 Re7 27. Ra4 Rf6 28. Rfa1 Qb6 29. Nd3 f4 30. exf4 gxf4 31. g4 Ba7 32. Rc1 Nc3 33. Rxb4 Nb5 34. Ra4 h5 35. Ne5 Rc7 36. Rxc6 Rxc6 37. Qxc6 f3+ 1-0

[Event "SVK-chT2A 2122"]
[Site "Slovakia"]
[Date "2021.11.14"]
[Round "4.4"]
[White "Djubek, Boris"]
[Black "Walterova, Ema"]
[Result "0-1"]
[WhiteElo "1978"]
[BlackElo "1969"]
[PlyCount "108"]
[EventDate "2021.10.16"]
[EventType "team-tourn"]
[EventRounds "11"]
[EventCountry "SVK"]
[SourceTitle "EXT 2023"]
[Source "ChessBase"]
[SourceDate "2022.10.05"]
[SourceVersion "1"]
[SourceVersionDate "2022.10.05"]
[SourceQuality "1"]
[WhiteTeam "Bratislava Slovan V"]
[BlackTeam "Senec"]
[WhiteTeamCountry "SVK"]
[BlackTeamCountry "SVK"]

1. d4 Nf6 2. c4 e6 3. Nf3 d5 4. Nc3 Be7 5. Bg5 h6 6. Bh4 0-0 7. e3 Nbd7 8. cxd5 exd5 9. Bd3 c6 10. Qc2 Re8 11. 0-0 Ne4 12. Bxe7 Qxe7 13. a3 Ng5 14. Qd1 Nxf3+ 15. Qxf3 Nf6 16. Bc2 Bg4 17. Qg3 Bd7 18. Rfe1 Nh5 19. Qf3 Qg5 20. g3 f5 21. h4 Qg6 22. Ne2 Qf7 23. Nf4 Nxf4 24. exf4 Re4 25. Bxe4 fxe4 26. Qb3 Bg4 27. Re3 Rd8 28. Rae1 Rd7 29. f3 Bxf3 30. Rxf3 exf3 31. Qxf3 Re7 32. Re5 Rxe5 33. dxe5 Qf5 34. Qb3 b6 35. Kf2 Qe4 36. Qe3 Qc2+ 37. Qe2 Qc5+ 38. Kf3 Kf8 39. f5 d4 40. Kf4 Qc1+ 41. Ke4 Qb1+ 42. Kxd4 Qxf5 43. Qg2 Qg4+ 44. Kc3 Ke7 45. Qxc6 Qxg3+ 46. Kc2 Qf2+ 47. Kb1 Qf5+ 48. Ka1 Qxe5 49. Qb7+ Kd6 50. Qxa7 Kc5 51. Qf7 Qf6 52. Qc7+ Kd4 53. Qd7+ Ke5 54. a4 Kf4 0-1

[Event "SVK-chT2A 2122"]
[Site "Slovakia"]
[Date "2021.10.16"]
[Round "1.4"]
[White "Djubek, Boris"]
[Black "Cechovic, Stefan"]
[Result "0-1"]
[WhiteElo "1978"]
[BlackElo "2099"]
[PlyCount "76"]
[EventDate "2021.10.16"]
[EventType "team-tourn"]
[EventRounds "11"]
[EventCountry "SVK"]
[SourceTitle "EXT 2023"]
[Source "ChessBase"]
[SourceDate "2022.10.05"]
[SourceVersion "1"]
[SourceVersionDate "2022.10.05"]
[SourceQuality "1"]
[WhiteTeam "Bratislava Slovan V"]
[BlackTeam "Cífer"]
[WhiteTeamCountry "SVK"]
[BlackTeamCountry "SVK"]

1. d4 Nf6 2. c4 e6 3. Nf3 b6 4. g3 Bb7 5. Bg2 Be7 6. 0-0 0-0 7. Nc3 d5 8. Ne5 c6 9. e4 dxc4 10. Nxc4 Ba6 11. b3 b5 12. Ne5 b4 13. Ne2 Bxe2 14. Qxe2 Qxd4 15. Bb2 Qb6 16. Rac1 Rc8 17. Rfd1 a5 18. g4 h6 19. h4 Nh7 20. g5 hxg5 21. Qh5 Rf8 22. Nc4 Qa7 23. hxg5 Bxg5 24. Rc2 g6 25. Qf3 f6 26. Rd6 e5 27. Bh3 Qe7 28. Qd1 Ra7 29. Qd3 Bf4 30. Nb6 Ng5 31. Nc8 Qh7 32. Nxa7 Nxh3+ 33. Kg2 Ng5 34. Rd8 Qxa7 35. Qc4+ Qf7 36. Rxf8+ Kxf8 37. Qc5+ Kg7 38. Qxa5 Qd7 0-1

[Event "Drienica Saris op"]
[Site "Drienica"]
[Date "2020.08.14"]
[Round "8"]
[White "Belis, Rudolf"]
[Black "Djubek, Boris"]
[Result "1/2-1/2"]
[WhiteElo "1924"]
[BlackElo "2019"]
[PlyCount "79"]
[EventDate "2020.08.07"]
[EventType "swiss"]
[EventRounds "9"]
[EventCountry "SVK"]
[SourceTitle "CBM 197 Extra"]
[Source "ChessBase"]
[SourceDate "2020.09.30"]
[SourceVersion "1"]
[SourceVersionDate "2020.09.30"]
[SourceQuality "1"]

1. e4 e5 2. Nf3 Nc6 3. d4 exd4 4. Bc4 Be7 5. Nxd4 Ne5 6. Be2 d6 7. 0-0 Bf6 8. Nc3 Ne7 9. Be3 0-0 10. h3 a6 11. Qd2 N5c6 12. Nb3 Be6 13. Rad1 Qc8 14. f4 Re8 15. Nd5 Bxd5 16. exd5 Nxd5 17. Bf2 Nxf4 18. Bg4 Ne6 19. c3 Qd8 20. Bf5 Bg5 21. Qc2 g6 22. Be4 Qe7 23. Bd5 Ned8 24. Nd2 Ne5 25. Ne4 c6 26. Bb3 d5 27. Bc5 Be3+ 28. Bxe3 Nd7 29. Bg5 Qxe4 30. Qxe4 Rxe4 31. c4 Nc5 32. cxd5 Nxb3 33. axb3 Re5 34. Bf6 Rxd5 35. Rxd5 cxd5 36. Rd1 Ne6 37. Rxd5 Rc8 38. Rd7 Rc7 39. Rd6 Rc6 40. Rd7 1/2-1/2

[Event "Drienica Saris op"]
[Site "Drienica"]
[Date "2020.08.12"]
[Round "6"]
[White "Furman, Slavomir"]
[Black "Djubek, Boris"]
[Result "1/2-1/2"]
[WhiteElo "1725"]
[BlackElo "2019"]
[PlyCount "83"]
[EventDate "2020.08.07"]
[EventType "swiss"]
[EventRounds "9"]
[EventCountry "SVK"]
[SourceTitle "CBM 197 Extra"]
[Source "ChessBase"]
[SourceDate "2020.09.30"]
[SourceVersion "1"]
[SourceVersionDate "2020.09.30"]
[SourceQuality "1"]

1. d4 d5 2. c4 e6 3. Nc3 Nf6 4. cxd5 exd5 5. Bg5 Be7 6. Qc2 0-0 7. e3 Be6 8. Bd3 Nbd7 9. Nge2 c5 10. 0-0 c4 11. Bf5 Bxf5 12. Qxf5 Nb6 13. f3 g6 14. Qc2 Nh5 15. Bh6 Bg5 16. Bxg5 Qxg5 17. e4 dxe4 18. fxe4 Rac8 19. Rf3 Rfd8 20. Raf1 f6 21. h3 Rd6 22. Kh1 Re6 23. g4 Ng7 24. Nf4 Ree8 25. Nfd5 Nd7 26. Nxf6+ Nxf6 27. Rxf6 Qe3 28. Qg2 Qxd4 29. Nb5 Qe5 30. Nd6 Rf8 31. Rxf8+ Rxf8 32. Rxf8+ Kxf8 33. Nxc4 Qf4 34. Nd2 Ke8 35. Qe2 Ne6 36. Qb5+ Kf8 37. Qf1 Qxf1+ 38. Nxf1 Nf4 39. Kh2 Nd3 40. b3 Nc1 41. Kg3 Nxa2 42. Kf4 1/2-1/2

[Event "Drienica Saris op"]
[Site "Drienica"]
[Date "2020.08.11"]
[Round "5"]
[White "Djubek, Boris"]
[Black "Walterova, Ema"]
[Result "1/2-1/2"]
[WhiteElo "2019"]
[BlackElo "1790"]
[PlyCount "47"]
[EventDate "2020.08.07"]
[EventType "swiss"]
[EventRounds "9"]
[EventCountry "SVK"]
[SourceTitle "CBM 197 Extra"]
[Source "ChessBase"]
[SourceDate "2020.09.30"]
[SourceVersion "1"]
[SourceVersionDate "2020.09.30"]
[SourceQuality "1"]

1. d4 d5 2. Nf3 Nf6 3. c4 e6 4. Nc3 Be7 5. Bf4 c6 6. e3 Nbd7 7. h3 h6 8. g4 b6 9. cxd5 exd5 10. Bd3 Bb7 11. 0-0 0-0 12. Rc1 Re8 13. Bg3 a6 14. Bb1 c5 15. Nd2 Nf8 16. Qf3 Ng6 17. Ne2 Bd6 18. Nf4 Ne4 19. Rfd1 cxd4 20. exd4 Nxd2 21. Rxd2 Nxf4 22. Bxf4 Qf6 23. Bf5 Re7 24. Bxd6 1/2-1/2

[Event "Drienica Saris op"]
[Site "Drienica"]
[Date "2020.08.09"]
[Round "3"]
[White "Djubek, Boris"]
[Black "Kravec, Patrik"]
[Result "0-1"]
[WhiteElo "2019"]
[BlackElo "2119"]
[PlyCount "112"]
[EventDate "2020.08.07"]
[EventType "swiss"]
[EventRounds "9"]
[EventCountry "SVK"]
[SourceTitle "CBM 197 Extra"]
[Source "ChessBase"]
[SourceDate "2020.09.30"]
[SourceVersion "1"]
[SourceVersionDate "2020.09.30"]
[SourceQuality "1"]

1. d4 Nf6 2. Nf3 g6 3. c4 c5 4. d5 b5 5. cxb5 a6 6. b6 Qxb6 7. Nc3 d6 8. e4 Nbd7 9. h3 Bg7 10. Be2 0-0 11. 0-0 a5 12. Nd2 Ba6 13. Nc4 Qc7 14. Be3 Rfb8 15. Rb1 Nb6 16. Na3 Ne8 17. Nab5 Qb7 18. a4 Nc7 19. b3 Qc8 20. Bg5 Kf8 21. Qd2 Ne8 22. Bh6 c4 23. Bxg7+ Nxg7 24. Qd4 cxb3 25. Rxb3 Nd7 26. Bg4 Qd8 27. Bxd7 Qxd7 28. Rfb1 Kg8 29. Ne2 Ne8 30. Qd2 Nc7 31. Ned4 Bxb5 32. Qh6 Rb7 33. axb5 a4 34. Rb4 a3 35. b6 Ra4 36. Qd2 Na6 37. Rxa4 Qxa4 38. Nc6 Nc5 39. Qc1 Qxe4 40. Ra1 Qxd5 41. Nb4 Qb3 42. Rb1 Qa4 43. Nd5 a2 44. Ra1 Qd4 45. Ne3 Rxb6 46. Rxa2 Qd3 47. Ra8+ Kg7 48. Qa1+ e5 49. Qa5 Rb1+ 50. Kh2 Qe4 51. Qa2 Qf4+ 52. g3 Qe4 53. Ng2 Rb2 54. Qxb2 Qxa8 55. Ne3 Qf3 56. Kg1 Ne4 0-1

[Event "SVK-ch rapid"]
[Site "Topolcany"]
[Date "2020.07.11"]
[Round "9"]
[White "Djubek, Boris"]
[Black "Skreko, Igor1111"]
[Result "1/2-1/2"]
[WhiteElo "1977"]
[BlackElo "1576"]
[PlyCount "46"]
[EventDate "2020.07.11"]
[EventType "swiss (rapid)"]
[EventRounds "9"]
[EventCountry "SVK"]
[SourceTitle "CBM 197 Extra"]
[Source "ChessBase"]
[SourceDate "2020.09.30"]
[SourceVersion "1"]
[SourceVersionDate "2020.09.30"]
[SourceQuality "1"]

1. d4 Nf6 2. c4 g6 3. Nc3 Bg7 4. e4 d6 5. Nf3 0-0 6. Be2 e5 7. 0-0 Nc6 8. d5 Ne7 9. Rb1 Nd7 10. b4 f5 11. Ng5 Nf6 12. c5 h6 13. cxd6 cxd6 14. Ne6 Bxe6 15. dxe6 Nxe4 16. Nxe4 fxe4 17. f3 exf3 18. Rxf3 Rxf3 19. Bxf3 d5 20. b5 Qb6+ 21. Kh1 Qxe6 22. Ba3 Kh7 23. Bxd5 Kh8 1/2-1/2

[Event "SVK-chT2A 1920"]
[Site "Slovakia"]
[Date "2020.03.08"]
[Round "11.8"]
[White "Djubek, Boris"]
[Black "Harasta, Marian"]
[Result "1-0"]
[WhiteElo "2014"]
[BlackElo "1687"]
[PlyCount "119"]
[EventDate "2019.10.26"]
[EventType "team-tourn"]
[EventRounds "11"]
[EventCountry "SVK"]
[SourceTitle "CBM 195 Extra"]
[Source "ChessBase"]
[SourceDate "2020.05.31"]
[SourceVersion "1"]
[SourceVersionDate "2020.05.31"]
[SourceQuality "1"]
[WhiteTeam "Bratislava Slovan V"]
[BlackTeam "Skalica"]
[WhiteTeamCountry "SVK"]
[BlackTeamCountry "SVK"]

1. d4 d5 2. c4 c6 3. Nf3 Nf6 4. Nc3 Bg4 5. Ne5 Bh5 6. cxd5 cxd5 7. Qb3 b6 8. Qb5+ Nbd7 9. Nxd5 Nxd5 10. Qxd5 Nxe5 11. Qxe5 Bg6 12. e3 Qd6 13. Bb5+ Kd8 14. Qxd6+ exd6 15. Bd2 Be4 16. 0-0 a6 17. Bc4 f5 18. d5 b5 19. Ba5+ Ke8 20. Bb3 Bd3 21. Rfc1 Be7 22. Rc3 Be2 23. Re1 Bh5 24. Rc6 Rf8 25. Rec1 g5 26. f3 f4 27. e4 g4 28. Rc8+ Kf7 29. Rxa8 Rxa8 30. fxg4 Bxg4 31. e5 Ke8 32. e6 f3 33. gxf3 Bxf3 34. Rc3 Be4 35. Re3 Bg6 36. Bc3 Rc8 37. Kg2 Rc5 38. Kg3 Bg5 39. Re1 Bd3 40. Bb4 Ke7 41. Rd1 Bc2 42. Rf1 Bg6 43. Bxc5 dxc5 44. h4 Bh6 45. Bd1 Bg7 46. h5 Be8 47. b3 Be5+ 48. Kg4 h6 49. Kf5 Bd4 50. Be2 Kd6 51. Ke4 Ke7 52. Rc1 Kd6 53. b4 Bf2 54. Rf1 Bd4 55. bxc5+ Bxc5 56. Rf8 Ke7 57. Rh8 Ba3 58. Rxh6 Bc1 59. Rh7+ Kd6 60. Ra7 1-0

[Event "SVK-chT2A 1920"]
[Site "Slovakia"]
[Date "2019.10.27"]
[Round "2.8"]
[White "Djubek, Boris"]
[Black "Lukacovic, Miroslav"]
[Result "1-0"]
[WhiteElo "2015"]
[BlackElo "1898"]
[PlyCount "121"]
[EventDate "2019.10.26"]
[EventType "team-tourn"]
[EventRounds "11"]
[EventCountry "SVK"]
[SourceTitle "CBM 193 Extra"]
[Source "ChessBase"]
[SourceDate "2020.01.31"]
[SourceVersion "1"]
[SourceVersionDate "2020.01.31"]
[SourceQuality "1"]
[WhiteTeam "Bratislava Slovan V"]
[BlackTeam "Trnava Sered"]
[WhiteTeamCountry "SVK"]
[BlackTeamCountry "SVK"]

1. d4 d5 2. c4 c6 3. Nc3 Nf6 4. Nf3 Bf5 5. cxd5 cxd5 6. Qb3 Qb6 7. Qxb6 axb6 8. e3 e6 9. Nh4 Bg6 10. Bb5+ Nc6 11. Nxg6 hxg6 12. 0-0 Bd6 13. h3 g5 14. f3 Nh5 15. e4 0-0-0 16. Bxg5 f6 17. Be3 Bf4 18. Bxf4 Nxf4 19. exd5 Nxd5 20. Nxd5 Rxd5 21. Bc4 Rd6 22. Bxe6+ Rxe6 23. d5 Re2 24. dxc6 Rxb2 25. cxb7+ Kxb7 26. Rf2 Rxf2 27. Kxf2 Ra8 28. Ke3 Kc6 29. Rc1+ Kd6 30. Rc2 Ra3+ 31. Ke4 Ra5 32. Kf4 Kd7 33. h4 g5+ 34. hxg5 Rxg5 35. g4 Ra5 36. Rd2+ Kc6 37. Rd8 Rxa2 38. Rf8 b5 39. Rxf6+ Kc5 40. g5 b4 41. g6 Rg2 42. Kf5 b3 43. Rf8 b2 44. Rb8 Kd4 45. f4 Kc3 46. Kf6 Rg4 47. Kf5 Rg1 48. Kf6 Rg4 49. f5 Rb4 50. Rxb4 Kxb4 51. g7 b1Q 52. g8Q Qb2+ 53. Ke7 Qe5+ 54. Qe6 Qg7+ 55. Ke8 Qh8+ 56. Kd7 Ka4 57. f6 Qh7+ 58. Kd8 Qh4 59. Kc7 Qh2+ 60. Qd6 Qf2 61. Qa6+ 1-0

[Event "SVK-chT2A 1819"]
[Site "Slovakia"]
[Date "2019.03.02"]
[Round "8.6"]
[White "Londin, Martin"]
[Black "Djubek, Boris"]
[Result "1-0"]
[WhiteElo "1910"]
[BlackElo "2040"]
[PlyCount "57"]
[EventDate "2018.10.13"]
[EventType "team-tourn"]
[EventRounds "11"]
[EventCountry "SVK"]
[SourceTitle "EXT 2020"]
[Source "ChessBase"]
[SourceDate "2019.10.17"]
[SourceVersion "1"]
[SourceVersionDate "2019.10.17"]
[SourceQuality "1"]
[WhiteTeam "Skalica"]
[BlackTeam "Bratislava Slovan V"]
[WhiteTeamCountry "SVK"]
[BlackTeamCountry "SVK"]

1. e4 c5 2. Nc3 Nc6 3. Bb5 d6 4. Bxc6+ bxc6 5. f4 g6 6. Nf3 Bg7 7. 0-0 Nh6 8. d3 f5 9. Qe1 Nf7 10. Na4 0-0 11. c4 Rb8 12. Rb1 Qc7 13. Kh1 Nd8 14. b3 Ne6 15. e5 Nd4 16. Bb2 Ne6 17. Qh4 Rb7 18. Rbe1 d5 19. Ng5 Nxg5 20. Qxg5 e6 21. Ba3 Qd8 22. Qg3 dxc4 23. dxc4 Rd7 24. Bxc5 Rd3 25. Rf3 Rxf3 26. Qxf3 Rf7 27. Rd1 Rd7 28. Bd6 Bf8 29. Nc5 1-0